000 00690cab a2200217 4500
001 WB2624-14
008 090401t1990 xxu||||| |||| 00| 0 eng d
035 _a(Sirsi) u18751
041 _aeng
245 _aInternational property lending alert
260 _c1990
350 _a0
490 _aEstates Gazette
_vno 9024 16/6/90 p7
520 _aThe Bank of International Settlements has warned that property lending in the US , Japan and the UK could put a strain on the financial market and the world banking system.
650 _aBANKS
650 _aESTATE AGENCY
650 _aSLUMP
690 _aPROPERTY-PROPERTY FINANCE AND INVESTMENT
942 _n0
948 _c04/03/1997
999 _c12480
_d12480